| 000 | 00845nam a2200277 i 4500 | ||
|---|---|---|---|
| 001 | 60156 | ||
| 003 | ES-MaACL | ||
| 005 | 20250827062610.0 | ||
| 007 | t| | ||
| 008 | 031103s1985 sp ||||1| spa d | ||
| 020 | _a84-7398-333-5 | ||
| 110 | 1 |
_aEspaña _93622 |
|
| 240 | 1 | 0 | _aLeyes, etc., sociales |
| 245 | 1 | 0 | _aLegislación social básica. |
| 250 |
_a4ª ed. rev. y act. _bpor / José E. Serrano Martínez ... [et al.]. |
||
| 260 |
_aMadrid : _bCivitas, _c1985. |
||
| 300 |
_a594 p. ; _c21 cm. |
||
| 490 | 1 | _aBiblioteca de legislación | |
| 500 | _aContiene además disposiciones actualizadoras. | ||
| 500 | _aIndices. | ||
| 700 | 1 |
_aSerrano Martínez, José E. _9105777 |
|
| 740 | 0 | _aLeyes, etc., sociales. | |
| 830 | 0 |
_aBiblioteca de legislación _9177899 |
|
| 852 |
_aES-MaACL _jL-9958 _bR.112123 |
||
| 999 |
_c60156 _d60156 |
||